Statystyki dla Państwa najbliższe Morza Północnego

Kliknij tutaj aby rozwiązać quiz!

Ogólne statystyki

  • Ten quiz został rozwiązany 117 razy
    (109 od ostatniego zresetowania)
  • Średni wynik to 9 z 15

Statystyki odpowiedzi

kmPaństwo% Poprawnych
0Norwegia
94%
93Szwecja
94%
0Dania
93%
0Niemcy
92%
0Francja
88%
481Polska
86%
0Belgia
84%
400Irlandia
72%
494Hiszpania
65%
503Szwajcaria
51%
467Czechy
46%
668Austria
44%
307Luxemborg
1%
0Netherlends
1%
0United Kindgom
1%

Rozkład punktacji

Percentyl według liczby udzielonych odpowiedzi

Procent ludzi z każdym wynikiem

Twoja historia wyników

Nie rozwiązałeś tego quizu od ostatniego zresetowania